Statistics for Largest Cross Border Trading Partner

Click here to take the quiz!

General Stats

  • This quiz has been taken 74 times
    (44 since last reset)
  • The average score is 29 of 51

Answer Stats

EconomyLargest Cross Border Trading Partner% Correct
United StatesMexico
100%
GermanyNetherlands
72%
RussiaChina
69%
BrazilArgentina
67%
ArgentinaBrazil
67%
ItalyFrance
67%
SpainFrance
67%
FranceGermany
67%
NetherlandsGermany
67%
IndonesiaMalaysia
67%
MexicoUnited States
67%
IndiaChina
64%
VietnamChina
64%
Hong KongChina
64%
AustriaGermany
64%
SwitzerlandGermany
64%
PolandGermany
64%
BelgiumGermany
64%
BangladeshIndia
64%
ThailandMalaysia
64%
SwedenNorway
64%
United Arab EmiratesSaudi Arabia
64%
NorwaySweden
64%
Saudi ArabiaUnited Arab Emirates
64%
IsraelEgypt
61%
DenmarkGermany
61%
MalaysiaSingapore
61%
ChileArgentina
58%
ColombiaBrazil
58%
EgyptSudan
58%
FinlandSweden
58%
TurkeyIraq
56%
United KingdomFrance
53%
South AfricaMozambique
53%
NigeriaCameroon
50%
PakistanChina
50%
CzechiaGermany
47%
PeruBrazil
44%
ChinaHong Kong
44%
KazakhstanRussia
44%
IranTurkey
44%
RomaniaHungary
42%
IraqTurkey
39%
AlgeriaMorocco
36%
UkrainePoland
36%
KuwaitSaudi Arabia
36%
HungaryAustria
33%
GreeceBulgaria
33%
EcuadorColombia
31%
SlovakiaCzechia
31%
MoroccoSpain
31%

Score Distribution

Percentile by Number Answered

Percent of People with Each Score

Your Score History

You have not taken this quiz since the last reset